Sports Quiz

Random Sports or NFL Quiz

Baltimore Ravens Starting Lineups Since 2002 Quiz Stats

 Plays Quiz not verified by Sporcle

Score 0/259 Timer 15:00
0 Plays Today
% Correct
Ray Lewis
99.4%
Ray Lewis
99.4%
Ray Lewis
99.2%
Ray Lewis
99.2%
Ray Lewis
99.2%
Ray Lewis
99.2%
Ray Lewis
99.2%
Ray Lewis
99.2%
Joe Flacco
99%
Joe Flacco
99%
Joe Flacco
99%
Jamal Lewis
98.8%
Jamal Lewis
98.8%
Joe Flacco
98.8%
Jamal Lewis
98.6%
Jamal Lewis
98.6%
Jamal Lewis
98.6%
Joe Flacco
98.4%
Ray Rice
97.1%
Ed Reed
96.9%
Ed Reed
96.9%
Ray Rice
96.9%
Ray Rice
96.9%
Ed Reed
96.7%
Ed Reed
96.7%
Ed Reed
96.7%
Ed Reed
96.7%
Ed Reed
96.7%
Ed Reed
96.7%
Ed Reed
96.7%
Ed Reed
96.7%
Ray Rice
95.7%
Terrell Suggs
94.4%
Terrell Suggs
94.4%
Terrell Suggs
94.4%
Terrell Suggs
94.4%
Terrell Suggs
94.4%
Terrell Suggs
94.4%
Terrell Suggs
94.4%
Terrell Suggs
94.4%
Todd Heap
94.2%
Todd Heap
94.2%
Todd Heap
94%
Todd Heap
94%
Todd Heap
94%
Todd Heap
94%
Todd Heap
94%
Torrey Smith
93.4%
Haloti Ngata
92.2%
Haloti Ngata
92.2%
Kyle Boller
92%
Kyle Boller
92%
Haloti Ngata
92%
Haloti Ngata
92%
Haloti Ngata
92%
Haloti Ngata
92%
Kyle Boller
91.8%
Kyle Boller
91.8%
Torrey Smith
91.5%
Anquan Boldin
88.7%
Anquan Boldin
88.7%
Jonathan Ogden
87%
Jonathan Ogden
87%
Jonathan Ogden
87%
Derrick Mason
86.8%
Jonathan Ogden
86.8%
Derrick Mason
86.8%
Jonathan Ogden
86.8%
Jonathan Ogden
86.8%
Derrick Mason
86.6%
Derrick Mason
86.6%
Derrick Mason
86.6%
Derrick Mason
86.6%
Steve McNair
86.2%
Anquan Boldin
85.6%
Matt Stover
84.7%
Matt Stover
84.7%
Matt Stover
84.7%
Matt Stover
84.5%
Matt Stover
84.5%
Matt Stover
84.5%
Matt Stover
84.5%
Michael Oher
83.3%
Michael Oher
83.3%
Michael Oher
83.3%
Matt Birk
80.2%
Matt Birk
80.2%
% Correct
Matt Birk
80%
Marshall Yanda
79.8%
Willis McGahee
79.6%
Willis McGahee
79.6%
Michael Oher
78.2%
Jameel McClain
78.1%
Jameel McClain
78.1%
Le'Ron McClain
77.9%
Le'Ron McClain
77.9%
Le'Ron McClain
77.7%
Chris McAlister
77.1%
Chris McAlister
77.1%
Chris McAlister
77.1%
Chris McAlister
77.1%
Chris McAlister
77.1%
Chris McAlister
77.1%
Chris McAlister
77.1%
Matt Birk
77%
Vonta Leach
76.1%
Jarrett Johnson
75.5%
Jarrett Johnson
75.5%
Jarrett Johnson
75.5%
Jarrett Johnson
75.5%
Jarrett Johnson
75.5%
Jarrett Johnson
75.5%
Billy Cundiff
75.1%
Billy Cundiff
75.1%
Billy Cundiff
75.1%
Sam Koch
74.8%
Sam Koch
74.8%
Sam Koch
74.8%
Sam Koch
74.8%
Sam Koch
74.8%
Sam Koch
74.8%
Vonta Leach
73.5%
Marshall Yanda
72%
Marshall Yanda
72%
Marshall Yanda
72%
Ed Dickson
71.1%
Cary Williams
69.1%
Mark Clayton
67.6%
Mark Clayton
67.6%
Mark Clayton
67.4%
Mark Clayton
67.4%
Mark Clayton
67.4%
Peter Boulware
65%
Peter Boulware
65%
Ed Dickson
65%
Lardarius Webb
64.5%
Ben Grubbs
64.3%
Ben Grubbs
64.3%
Ben Grubbs
64.3%
Ben Grubbs
64.3%
Ben Grubbs
64.3%
Travis Taylor
58.6%
Travis Taylor
58.6%
Travis Taylor
58.6%
Terry Jones
57.9%
Bart Scott
57.9%
Bart Scott
57.9%
Bart Scott
57.9%
Bart Scott
57.9%
Dawan Landry
56.7%
Dawan Landry
56.7%
Dawan Landry
56.7%
Dawan Landry
56.7%
Adalius Thomas
55.9%
Adalius Thomas
55.9%
Adalius Thomas
55.9%
Adalius Thomas
55.9%
Adalius Thomas
55.9%
Bernard Pollard
55.1%
Bryant McKinnie
52.6%
Orlando Brown
51.8%
Orlando Brown
51.8%
Orlando Brown
51.8%
Jason Brown
51.8%
Jason Brown
51.8%
Jason Brown
51.8%
Cornell Brown
51.7%
Kelly Gregg
50.9%
Kelly Gregg
50.9%
Kelly Gregg
50.9%
Kelly Gregg
50.9%
Kelly Gregg
50.9%
Kelly Gregg
50.9%
Kelly Gregg
50.9%
% Correct
Kelly Gregg
50.9%
Samari Rolle
48.3%
Samari Rolle
48.3%
Samari Rolle
48.3%
Samari Rolle
48.3%
Kelechi Osemele
47.1%
Terrence Cody
45.8%
Dave Zastudil
41.4%
Dave Zastudil
41.4%
Dave Zastudil
41.4%
Dave Zastudil
41.4%
Mike Flynn
40.6%
Mike Flynn
40.6%
Mike Flynn
40.6%
Mike Flynn
40.6%
Mike Flynn
40.6%
Lorenzo Neal
40.6%
Trevor Pryce
37.5%
Trevor Pryce
37.5%
Jeff Blake
36.3%
Edgerton Hartwell
36.3%
Edgerton Hartwell
36.3%
Edgerton Hartwell
36.3%
Edwin Mulitalo
35.7%
Edwin Mulitalo
35.7%
Edwin Mulitalo
35.7%
Edwin Mulitalo
35.7%
Jared Gaither
34.8%
Jared Gaither
34.8%
Fabian Washington
33.4%
Willie Anderson
33%
Bennie Anderson
32.8%
Bennie Anderson
32.8%
Bennie Anderson
32.8%
Domonique Foxworth
32.8%
Cory Redding
32.8%
Cory Redding
32.8%
30.7%
30.7%
30.7%
30.7%
30.7%
30.7%
30.7%
30.7%
Will Demps
30.5%
Will Demps
30.5%
Will Demps
30.5%
Will Demps
30.5%
Chris Carr
28.2%
Chris Chester
26%
Chris Chester
26%
Chris Chester
26%
Josh Wilson
25.4%
Brandon Stokley
25.2%
Alan Ricard
24.3%
Alan Ricard
24.3%
Alan Ricard
24.3%
Gary Baxter
23.9%
Gary Baxter
23.9%
Gary Baxter
23.9%
Ovie Mughelli
23.5%
Ovie Mughelli
23.5%
Marcus Robinson
22.9%
Jim Leonhard
21.2%
Anthony Weaver
21%
Anthony Weaver
21%
Anthony Weaver
21%
Jah Reid
18.3%
Dwan Edwards
16.9%
Dwan Edwards
16.9%
Ma'ake Kemoeatu
15.7%
Casey Rabach
15.3%
Tony Pashos
14.4%
Justin Bannan
14.4%
Bernardo Harris
14.2%
Tommy Polley
13.4%
Ethan Brooks
13%
Tavares Gooden
12.6%
Quinn Sypniewski
11.3%
Keydrick Vincent
10.7%
Keydrick Vincent
10.7%
Marques Douglas
10.1%
Marques Douglas
10.1%
Randy Hymes
8.7%

You're not logged in!

Compare scores with friends on all Sporcle quizzes.
OR
Log In

Show Comments

Extras

Top Quizzes Today


Score Distribution

Your Account Isn't Verified!

In order to create a playlist on Sporcle, you need to verify the email address you used during registration. Go to your Sporcle Settings to finish the process.

Report this User

Report this user for behavior that violates our Community Guidelines.

Details: